000 00268nam a22001097a 4500
008 171207b xxu||||| |||| 00| 0 eng d
041 _aeng
080 _a616.8
100 _a26
101 _aNEU
245 _aDEGENERATION AND REGENERATION OF THE NERVOUS SYSTEM
_cCAJAL,R.Y
999 _c38826
_d38826